|
|
|
|
| LEADER |
00000nab a2200000 a 4500 |
| 001 |
vtls000874826 |
| 003 |
SK-MaSNL |
| 005 |
20260304104351.0 |
| 008 |
250429c2004 xo 0 slo |
| 015 |
|
|
|a SNBRB2004/06-17002
|
| 035 |
|
|
|a CLN000226378
|
| 035 |
|
|
|a urn:nbn:sk:snk-abbxgo
|
| 035 |
|
|
|a (urnnbn)urn:nbn:sk:snk:ar-001jum
|
| 035 |
|
|
|a (uuid)aad01e9a-bf04-4dc2-91e1-22527781de87
|
| 040 |
|
|
|a SNKBUCL
|b slo
|c SNKBUCL
|e AACR2
|
| 041 |
0 |
|
|a slo
|
| 044 |
|
|
|a xo
|c SK
|
| 080 |
|
|
|a 621.791.05:669.14.018.8:620.18
|2 1997
|
| 080 |
|
|
|a 669.14.018.8
|2 1997
|
| 080 |
|
|
|a 620.18
|2 1997
|
| 245 |
0 |
0 |
|a Metalografia zvarových spojov na dvojfázových nehrdzavejúcich oceliach
|c Ivan Hrivňák ... [et al.]
|
| 300 |
|
|
|b Obr., tab.
|
| 504 |
|
|
|a Bibliogr. odkazy
|
| 504 |
|
|
|a Res. angl., slov.
|
| 650 |
0 |
7 |
|a ocele nehrdzavejúce duplexné
|x spoje zvarové
|x mikroštruktúra
|x tvrdosť
|2 snkbucl
|9 1404284
|
| 650 |
0 |
7 |
|a zvarové spoje
|2 snkbucl
|9 31821
|
| 650 |
0 |
7 |
|a metalografia
|2 snkbucl
|9 3621
|
| 655 |
|
7 |
|a články z novín a časopisov
|2 snkbucl
|9 267496
|
| 700 |
1 |
|
|a Hrivňák, Ivan,
|d 1931-
|4 aut
|9 13759
|
| 700 |
1 |
|
|a Žúbor, Peter,
|d 1974-
|4 aut
|9 196524
|
| 700 |
1 |
|
|a Gonzáles, Sandra López
|4 aut
|9 1404285
|
| 700 |
1 |
|
|a Jesenský, Michal
|4 aut
|9 297857
|
| 773 |
0 |
|
|t Kovové materiály
|g Roč. 42, č. 2 (2004), s. 104-120
|x 0023-432X
|
| 850 |
|
|
|a Slovenská národná knižnica
|
| 852 |
|
|
|a Slovenská národná knižnica
|
| 958 |
|
|
|a article15
|
| 958 |
|
|
|a NB
|
| 958 |
|
|
|a RBX
|
| 958 |
|
|
|a OND
|
| 958 |
|
|
|a EUIPO
|
| 999 |
|
|
|c 2851479
|d 2853409
|